Changes in Asian NR sector (Record no. 55310)

MARC details
000 -LEADER
fixed length control field 00348nam a2200145Ia 4500
100 ## - MAIN ENTRY--AUTHOR NAME
Personal name Jacob Jom
245 #0 - TITLE STATEMENT
Title Changes in Asian NR sector
260 ## - PUBLICATION, DISTRIBUTION, ETC. (IMPRINT)
Name of publisher Polymers & Tyre Asia
Year of publication 2015
300 ## - PHYSICAL DESCRIPTION
Number of Pages 52-53
500 ## - GENERAL NOTE
General note Source Year: 2015
650 ## - SUBJECT ADDED ENTRY--TOPICAL TERM
Topical Term NR sector
650 ## - SUBJECT ADDED ENTRY--TOPICAL TERM
Topical Term NR trading
942 ## - ADDED ENTRY ELEMENTS (KOHA)
Koha item type Journals
Holdings
Withdrawn status Lost status Damaged status Not for loan Home library Current library Shelving location Date acquired Serial Enumeration / chronology Koha item type
      Journals RRII Library RRII Library Economics 17/12/2021 Volume 6, Issue 5 Journals